संस्कृत-साहित्य में शब्दालकार (Record no. 302111)
[ view plain ]
| 000 -LEADER | |
|---|---|
| fixed length control field | 01033nam a2200265Ia 4500 |
| 003 - CONTROL NUMBER IDENTIFIER | |
| control field | OSt |
| 005 - DATE AND TIME OF LATEST TRANSACTION | |
| control field | 20220923211640.0 |
| 008 - FIXED-LENGTH DATA ELEMENTS--GENERAL INFORMATION | |
| fixed length control field | 220922b |||||||| |||| 00| 0 hin d |
| 037 ## - SOURCE OF ACQUISITION | |
| Terms of availability | Textual |
| 040 ## - CATALOGING SOURCE | |
| Original cataloging agency | ARTS |
| Transcribing agency | ARTS |
| Language of cataloging | hin |
| 041 ## - LANGUAGE CODE | |
| Source of code | hin |
| Language code of text/sound track or separate title | hin |
| 100 ## - MAIN ENTRY--PERSONAL NAME | |
| Personal name | त्रिपाठी, रूद्रदेव |
| 245 #0 - TITLE STATEMENT | |
| Title | संस्कृत-साहित्य में शब्दालकार |
| 246 ## - VARYING FORM OF TITLE | |
| Title proper/short title | Sanskṛuta-sāhitya mean shabdālakāra |
| 260 ## - PUBLICATION, DISTRIBUTION, ETC. | |
| Place of publication, distribution, etc. | दिल्ली |
| Name of publisher, distributor, etc. | श्री लाल बहादुर शास्त्री केन्द्रीय विधापीठ |
| Date of publication, distribution, etc. | 1972 |
| 300 ## - PHYSICAL DESCRIPTION | |
| Extent | 554पृ. |
| Dimensions | cm. |
| 490 ## - SERIES STATEMENT | |
| Series statement | Sanskrit vidyapeeth granthamala] vkbZ-,l-,l-,u- 9 |
| 650 ## - SUBJECT ADDED ENTRY--TOPICAL TERM | |
| Topical term or geographic name entry element | हिन्दी साहित्य |
| 9 (RLIN) | 156264 |
| 942 ## - ADDED ENTRY ELEMENTS (KOHA) | |
| Classification part | O15:g(P:75), 152L2 |
| Koha item type | Textual |
| Source of classification or shelving scheme | Colon Classification (CC) |
| Withdrawn status | Lost status | Damaged status | Not for loan | Home library | Current library | Date acquired | Total Checkouts | Full call number | Barcode | Date last seen | Price effective from | Koha item type |
|---|---|---|---|---|---|---|---|---|---|---|---|---|
| Arts Library | Arts Library | 2022-09-23 | O15:g(P:75) 152L2 | AL0348175 | 2022-09-23 | 2022-09-23 | Textual |
